| 000 | 00592nam a22002177a 4500 | ||
|---|---|---|---|
| 003 | OSt | ||
| 005 | 20140310182934.0 | ||
| 008 | 130201t xxu||||| |||| 00| 0 eng d | ||
| 020 | _a9789710455813 | ||
| 050 |
_aNX 440 _b.M321 2010 |
||
| 082 |
_aFIL 700.1 _b.M321 2010 |
||
| 245 |
_aIntroduction to the humanities : visual and performing arts _cMarcos, Lucivilla L. |
||
| 250 | _arev. ed. | ||
| 260 |
_aMakati City _bMindshapers _cc2010 |
||
| 300 |
_a166 p. _c22 cm. |
||
| 521 | _acollege students | ||
| 526 | _c1210L-1700L | ||
| 541 | _j1 | ||
| 562 | _e1 | ||
| 942 |
_2lcc _cBK _kFIL |
||
| 999 |
_c17578 _d17578 |
||